| 000 | 00523nam a2200169 a 4500 | ||
|---|---|---|---|
| 005 | 20140412111330.0 | ||
| 008 | 001120s19uu xx 00 eng d | ||
| 020 | _a0-307-12045-7 | ||
| 050 |
_aTR(PS E _bGo563 |
||
| 100 | _aBrown, Margaret Wise | ||
| 245 |
_aGolden egg book (The) / _cby Margaret Wise Brown ; illustrated by Leonard Weisgard. |
||
| 260 |
_aNew York : _bGolden Book, _c1947. |
||
| 300 | _a1 v. (unp.) ; col. ; ill. | ||
| 500 | _aCopyright renewed, 1975 | ||
| 650 | _aAnimals -- Stories | ||
| 999 |
_c104868 _d104868 |
||